MARC details
| 000 -LEADER |
| fixed length control field |
01022cam a22002774a 4500 |
| 001 - CONTROL NUMBER |
| control field |
12825269 |
| 003 - CONTROL NUMBER IDENTIFIER |
| control field |
OSt |
| 005 - DATE AND TIME OF LATEST TRANSACTION |
| control field |
20150805085412.0 |
| 008 - FIXED-LENGTH DATA ELEMENTS--GENERAL INFORMATION |
| fixed length control field |
020620s2003 caua 000 0 eng |
| 010 ## - LIBRARY OF CONGRESS CONTROL NUMBER |
| LC control number |
2002108818 |
| 020 ## - INTERNATIONAL STANDARD BOOK NUMBER |
| International Standard Book Number |
053439180X |
| 035 ## - SYSTEM CONTROL NUMBER |
| System control number |
(DLC) 2002108818 |
| 040 ## - CATALOGING SOURCE |
| Original cataloging agency |
SEKU |
| 042 ## - AUTHENTICATION CODE |
| Authentication code |
pcc |
| 050 00 - LIBRARY OF CONGRESS CALL NUMBER |
| Classification number |
QA 453 |
| Item number |
.T8 2003 |
| 100 1# - MAIN ENTRY--PERSONAL NAME |
| Personal name |
Tussy, Alan S., |
| Dates associated with a name |
1951- |
| 245 10 - TITLE STATEMENT |
| Title |
Basic geometry for college students |
| Statement of responsibility, etc. |
Alan S. Tussy, R. David Gustafson. |
| 260 ## - PUBLICATION, DISTRIBUTION, ETC. (IMPRINT) |
| Place of publication, distribution, etc. |
Pacific Grove, CA : |
| Name of publisher, distributor, etc. |
Thomson-Brooks/Cole, |
| Date of publication, distribution, etc. |
c2003. |
| 300 ## - PHYSICAL DESCRIPTION |
| Extent |
v, 132, 10 p. : |
| Other physical details |
ill. (some col.) ; |
| Dimensions |
28 cm. |
| 650 #0 - SUBJECT ADDED ENTRY--TOPICAL TERM |
| Topical term or geographic name as entry element |
Geometry. |
| 700 1# - ADDED ENTRY--PERSONAL NAME |
| Personal name |
Gustafson, R. David |
| Fuller form of name |
(Roy David), |
| Dates associated with a name |
1936- |
| 856 42 - ELECTRONIC LOCATION AND ACCESS |
| Materials specified |
Publisher description |
| Uniform Resource Identifier |
<a href="http://www.loc.gov/catdir/enhancements/fy1215/2002108818-d.html">http://www.loc.gov/catdir/enhancements/fy1215/2002108818-d.html</a> |
| 856 41 - ELECTRONIC LOCATION AND ACCESS |
| Materials specified |
Table of contents only |
| Uniform Resource Identifier |
<a href="http://www.loc.gov/catdir/enhancements/fy1215/2002108818-t.html">http://www.loc.gov/catdir/enhancements/fy1215/2002108818-t.html</a> |
| 856 42 - ELECTRONIC LOCATION AND ACCESS |
| Materials specified |
Contributor biographical information |
| Uniform Resource Identifier |
<a href="http://www.loc.gov/catdir/enhancements/fy1303/2002108818-b.html">http://www.loc.gov/catdir/enhancements/fy1303/2002108818-b.html</a> |
| 942 ## - ADDED ENTRY ELEMENTS (KOHA) |
| Source of classification or shelving scheme |
Library of Congress Classification |
| Koha item type |
General circulation |